Sports Quiz

Random Sports or Nintendo Quiz

Colleges in the NESCAC Quiz Stats

Quiz not verified by Sporcle

Challenge
Share
Tweet
Embed
Score 0/11 Timer 04:00
0 Plays Today
Location College/University % Correct
MaineBowdoin College
98%
MassachussettsWilliams College
96%
MassachussettsAmherst College
95%
MaineBates College
95%
MaineColby College
94%
VermontMiddlebury College
94%
MassachussettsTufts University
90%
ConnecticutConnecticut College
89%
ConnecticutWesleyan University
88%
ConnecticutTrinity College
82%
New YorkHamilton College
81%

You're not logged in!

Compare scores with friends on all Sporcle quizzes.
Sign Up with Email
OR
Log In

You Might Also Like...

Show Comments

Extras

Top Quizzes Today


Score Distribution

Your Account Isn't Verified!

In order to create a playlist on Sporcle, you need to verify the email address you used during registration. Go to your Sporcle Settings to finish the process.